[Event "SVE Seniors op 2nd"]
[Site "Eidelstedt"]
[Date "2019.07.17"]
[Round "2"]
[White "Kock, Rudolf"]
[Black "Bremer, Wolfgang"]
[Result "0-1"]
[WhiteElo "1570"]
[BlackElo "1487"]
[PlyCount "102"]
[EventDate "2019.07.15"]
[EventType "swiss"]
[EventRounds "7"]
[EventCountry "GER"]
[SourceTitle "EXT 2020"]
[Source "ChessBase"]
[SourceDate "2019.10.17"]
[SourceVersion "1"]
[SourceVersionDate "2019.10.17"]
[SourceQuality "1"]

1. f4 Nf6 2. Nf3 g6 3. b3 Bg7 4. Bb2 c5 5. e3 Nc6 6. a3 d6 7. Bb5 Bd7 8. 0-0 0-0 9. Bxc6 Bxc6 10. d3 Ng4 11. Bxg7 Kxg7 12. Qe2 Re8 13. h3 Nf6 14. Nbd2 Qc7 15. Qf2 Rad8 16. a4 b6 17. Rad1 Bb7 18. Rfe1 Bc8 19. Nh2 e6 20. g4 h6 21. c4 d5 22. Ndf1 dxc4 23. bxc4 Bd7 24. Ra1 Bc6 25. Red1 Re7 26. Ra3 Red7 27. Rd2 a6 28. g5 hxg5 29. fxg5 Nh5 30. Ng4 b5 31. Nf6 Nxf6 32. Qxf6+ Kg8 33. cxb5 axb5 34. axb5 Bxb5 35. Qf4 Qxf4 36. exf4 Bxd3 37. Ne3 c4 38. Kf2 Rd4 39. Kg3 Kg7 40. Rc3 f6 41. gxf6+ Kxf6 42. Ng4+ Kg7 43. Ra2 Rf8 44. Ra7+ Rf7 45. Rxf7+ Kxf7 46. Ne5+ Kf6 47. Ng4+ Kf5 48. Ne5 g5 49. Nxd3 Rxd3+ 50. Rxd3 cxd3 51. fxg5 d2 0-1

[Event "Hamburg-chA"]
[Site "Hamburg"]
[Date "2019.06.08"]
[Round "1"]
[White "Kock, Rudolf"]
[Black "Ristic, Sreten"]
[Result "0-1"]
[WhiteElo "1570"]
[BlackElo "1786"]
[PlyCount "70"]
[EventDate "2019.06.08"]
[EventType "swiss"]
[EventRounds "7"]
[EventCountry "GER"]
[SourceTitle "EXT 2022"]
[Source "ChessBase"]
[SourceDate "2021.10.06"]
[SourceVersion "1"]
[SourceVersionDate "2021.10.06"]
[SourceQuality "1"]

1. f4 d5 2. b3 Nf6 3. Bb2 e6 4. Nf3 Nbd7 5. e3 a6 6. a3 b6 7. b4 Bb7 8. Bd3 c5 9. c3 Qc7 10. 0-0 Bd6 11. c4 cxb4 12. cxd5 Bxd5 13. Qe2 Nc5 14. Rc1 Qe7 15. Bc4 Bxc4 16. Qxc4 b5 17. Qc2 b3 18. Qd1 Nd3 19. Qxb3 Nxc1 20. Bxc1 0-0 21. Bb2 a5 22. Qd3 b4 23. Ng5 Rfc8 24. Bxf6 Qxf6 25. Nc3 bxc3 26. Rc1 Bxa3 27. Rc2 g6 28. Ne4 Qd8 29. Rxc3 Qxd3 30. Rxd3 Bf8 31. g4 a4 32. Nf6+ Kg7 33. Nd7 a3 34. Nb6 a2 35. Nxc8 Rxc8 0-1

[Event "Hamburg-chA"]
[Site "Hamburg"]
[Date "2017.06.05"]
[Round "3"]
[White "Kort, Felix"]
[Black "Kock, Rudolf"]
[Result "1-0"]
[WhiteElo "1553"]
[BlackElo "1657"]
[PlyCount "91"]
[EventDate "2017.06.03"]
[EventType "swiss"]
[EventRounds "7"]
[EventCountry "GER"]
[SourceTitle "CBM 179 Extra"]
[Source "ChessBase"]
[SourceDate "2017.08.23"]
[SourceVersion "1"]
[SourceVersionDate "2017.08.23"]
[SourceQuality "1"]

1. d4 d6 2. e4 g6 3. c4 Bg7 4. Nc3 c6 5. Nf3 h6 6. Be2 Nd7 7. Be3 b6 8. Qd2 Bb7 9. Rc1 Qc7 10. a3 a6 11. b3 Rd8 12. Na4 c5 13. d5 Ngf6 14. Nc3 Nh7 15. Bxh6 Bf6 16. Bf4 Ne5 17. Bxe5 dxe5 18. Qe3 Bc8 19. h3 Bg7 20. Bd3 Nf8 21. Ke2 Bh6 22. Ng5 f6 23. h4 Qd6 24. g3 fxg5 25. hxg5 Bg7 26. Rxh8 Bxh8 27. f4 Bg4+ 28. Kf2 Bg7 29. f5 gxf5 30. exf5 e4 31. Qxe4 Bd4+ 32. Kg2 Bh5 33. g6 Qf6 34. Nb1 e5 35. Qh4 Qxh4 36. gxh4 Ke7 37. Rf1 Kf6 38. Nd2 Nd7 39. Ne4+ Kg7 40. Ng5 Rg8 41. f6+ Nxf6 42. Ne6+ Kh6 43. Rxf6 e4 44. Nxd4 exd3 45. Nf3 Rxg6+ 46. Rxg6+ 1-0

[Event "Hamburg-ch A-Klasse"]
[Site "Hamburg"]
[Date "2015.05.28"]
[Round "5"]
[White "Kock, Rudolf"]
[Black "Hildebrandt, Alexander"]
[Result "1/2-1/2"]
[WhiteElo "1648"]
[BlackElo "1580"]
[PlyCount "39"]
[EventDate "2015.05.23"]
[EventType "swiss"]
[EventRounds "7"]
[EventCountry "GER"]
[SourceTitle "EXT 2022"]
[Source "ChessBase"]
[SourceDate "2021.10.06"]
[SourceVersion "1"]
[SourceVersionDate "2021.10.06"]
[SourceQuality "1"]

1. e4 e5 2. Nf3 Nc6 3. Bc4 Bc5 4. c3 Bb6 5. b4 d6 6. Qb3 Qe7 7. d3 h6 8. a4 a5 9. b5 Nd8 10. Ba3 Be6 11. Bxe6 Nxe6 12. g3 Nf6 13. Nxe5 Bc5 14. Nf3 0-0 15. Nbd2 d5 16. e5 Nd7 17. d4 Bxa3 18. Qxa3 Qxa3 19. Rxa3 Nb6 20. 0-0 1/2-1/2

[Event "Hamburg Seniors-ch 20th"]
[Site "Hamburg"]
[Date "2013.10.31"]
[Round "2"]
[White "Kock, Rudolf"]
[Black "Krueger, Dietrich"]
[Result "1-0"]
[WhiteElo "1465"]
[BlackElo "941"]
[PlyCount "91"]
[EventDate "2013.10.30"]
[EventType "swiss"]
[EventRounds "9"]
[EventCountry "GER"]
[SourceTitle "EXT 2015"]
[Source "ChessBase"]
[SourceDate "2014.11.20"]
[SourceVersion "1"]
[SourceVersionDate "2014.11.20"]
[SourceQuality "1"]

1. f4 c5 2. Nf3 Nc6 3. e3 d5 4. b3 Bg4 5. Bb5 Qb6 6. Bxc6+ Qxc6 7. 0-0 Qf6 8. Nc3 0-0-0 9. Bb2 d4 10. Ne4 Qf5 11. Ng3 Qd5 12. e4 Qc6 13. Qe1 e6 14. Ne5 Qc7 15. Nxg4 Re8 16. e5 h5 17. Nf2 h4 18. Ne2 g5 19. Ng4 h3 20. g3 Qd8 21. Qf2 Be7 22. d3 f6 23. Qf3 f5 24. Nf2 g4 25. Qh1 Nh6 26. Bc1 Reg8 27. Bd2 Rg6 28. Rfb1 Rhg8 29. b4 Bh4 30. bxc5 Qe7 31. Bb4 Qc7 32. Rb3 Nf7 33. Rab1 Nxe5 34. fxe5 Qxe5 35. Nf4 R6g7 36. Re1 Qc7 37. a4 e5 38. Ne6 Qb8 39. c6 Rc7 40. Bd6 b6 41. Bxc7 Qa8 42. Bxe5 Re8 43. Bf4 Rxe6 44. Rxe6 Kd8 45. Qd5+ Kc8 46. Qd7# 1-0

[Event "Hamburg Seniors-ch 20th"]
[Site "Hamburg"]
[Date "2013.10.30"]
[Round "1"]
[White "Schulz, Wolfgang"]
[Black "Kock, Rudolf"]
[Result "1-0"]
[WhiteElo "1945"]
[BlackElo "1465"]
[PlyCount "89"]
[EventDate "2013.10.30"]
[EventType "swiss"]
[EventRounds "9"]
[EventCountry "GER"]
[SourceTitle "EXT 2015"]
[Source "ChessBase"]
[SourceDate "2014.11.20"]
[SourceVersion "1"]
[SourceVersionDate "2014.11.20"]
[SourceQuality "1"]

1. e4 c5 2. Nf3 g6 3. d3 Bg7 4. g3 Nc6 5. Bg2 d6 6. 0-0 Bg4 7. h3 Bxf3 8. Qxf3 Nd4 9. Qd1 Qb6 10. Nd2 Qa6 11. Re1 e5 12. c3 Ne6 13. Nf3 Ne7 14. Ng5 0-0 15. Nxe6 fxe6 16. Qb3 c4 17. Qxc4 Qxc4 18. dxc4 Rac8 19. Bg5 Rf7 20. Rad1 Rc6 21. Bf1 Nc8 22. Rd2 h6 23. Be3 b6 24. Red1 Kh7 25. h4 Bf8 26. Bh3 Re7 27. b3 a6 28. f4 exf4 29. gxf4 Bg7 30. Bd4 e5 31. fxe5 dxe5 32. Bf2 Na7 33. Rd7 Nc8 34. Bg3 b5 35. Rxe7 Nxe7 36. Rd7 Bf8 37. Bxe5 bxc4 38. b4 Kg8 39. Bd4 Kf7 40. Bc5 Ke8 41. Ra7 Kf7 42. Bf1 Rxc5 43. bxc5 Kf6 44. Bxc4 Ke5 45. Rxa6 1-0

[Event "Hamburg Seniors op 19th"]
[Site "Hamburg"]
[Date "2012.10.26"]
[Round "3"]
[White "Kock, Rudolf"]
[Black "Huber, Edwin1111"]
[Result "1-0"]
[WhiteElo "1489"]
[BlackElo "1477"]
[PlyCount "120"]
[EventDate "2012.10.24"]
[EventType "swiss"]
[EventRounds "9"]
[EventCountry "GER"]
[SourceTitle "EXT 2015"]
[Source "ChessBase"]
[SourceDate "2014.11.20"]
[SourceVersion "1"]
[SourceVersionDate "2014.11.20"]
[SourceQuality "1"]

1. f4 e6 2. Nf3 h6 3. b3 Nf6 4. Bb2 Be7 5. e3 Nc6 6. a3 a6 7. Bd3 d6 8. 0-0 Bd7 9. c4 0-0 10. Bc2 d5 11. Qe2 Ne4 12. d3 Nf6 13. Ne5 Bc8 14. Nd2 Bd6 15. Ndf3 Bxe5 16. Nxe5 Nh7 17. Qg4 f5 18. Qg3 Nf6 19. Rad1 Nxe5 20. Bxe5 Qe7 21. b4 c6 22. c5 Re8 23. h3 Qf7 24. Qf3 Qg6 25. Bxf6 Qxf6 26. d4 Rb8 27. Kh2 Bd7 28. Rg1 g5 29. g4 Rf8 30. gxf5 exf5 31. fxg5 hxg5 32. Qh5 Rf7 33. Rxg5+ Rg7 34. Rdg1 Rxg5 35. Rxg5+ Kf8 36. h4 f4 37. Qh7 Be6 38. Rg6 Qf7 39. Qh6+ Ke7 40. Rg7 f3 41. Kg1 Rg8 42. Qg5+ Kf8 43. Rxg8+ Qxg8 44. Qxg8+ Kxg8 45. Kf2 Bg4 46. Bd1 Kg7 47. Bxf3 Bf5 48. Kg3 Kg6 49. Kf4 Kf6 50. e4 dxe4 51. Bxe4 Be6 52. Bf3 Bf5 53. Bg4 Be6 54. Bxe6 Kxe6 55. h5 Kf6 56. h6 Kg6 57. Ke5 Kxh6 58. Kd6 Kg6 59. Kc7 Kf6 60. Kxb7 Ke6 1-0